La voluntad del legislador y la ley penal más benigna (Registro nro. 36295)

Detalles MARC
000 -LEADER
fixed length control field 00397 a2200121 4500
001 - CONTROL NUMBER
control field ART_61594
005 - DATE AND TIME OF LATEST TRANSACTION
control field 20260410162056.0
008 - FIXED-LENGTH DATA ELEMENTS--GENERAL INFORMATION
fixed length control field 260409a
100 1# - MAIN ENTRY--PERSONAL NAME
Personal name Borinsky, Mariano H.
245 10 - TITLE STATEMENT
Title La voluntad del legislador y la ley penal más benigna
700 1# - ADDED ENTRY--PERSONAL NAME
Personal name Rubinska, Julián
773 0# - HOST ITEM ENTRY
Title Temas de derecho penal y procesal penal
Related parts - Año 5, N° 11 (nov. 2023)
Record control number REV60798

No hay ítems disponibles.